000 00686cam a22002293a 4500
001 31839
003 PGUSA
005 20140828083705.0
008 100331s2010||||xxu|||||s|||||000 | eng d
040 _aPGUSA
_beng
042 _adc
050 4 _aE300
100 1 _aDouglass, Frederick,
_d1818-1895
245 1 0 _aJohn Brown :
_bAn Address at the 14th Anniversary of Storer College
_h[electronic resource] /
_cFrederick Douglass
260 _bProject Gutenberg,
_c2010
506 _aPublic domain in the USA.
516 _aElectronic text
653 _aBrown, John, 1800-1859
830 0 _aProject Gutenberg
_v31839
856 4 0 _uhttp://www.gutenberg.org/ebooks/31839
942 _cEB
999 _c261094
_d261094